The wonderful world of the seashore. (Record no. 16276)

000 -LEADER
fixed length control field 00355cam a22001331 4500
040 ## - CATALOGING SOURCE
Transcribing agency ODaWU
082 ## - DEWEY DECIMAL CLASSIFICATION NUMBER
Classification number 574 APP 1955 A084 Or.
100 1# - MAIN ENTRY--AUTHOR NAME
Personal name Gaul, Albro Tilton.
245 14 - TITLE STATEMENT
Title The wonderful world of the seashore.
260 ## - PUBLICATION, DISTRIBUTION, ETC. (IMPRINT)
Place of publication New York,
Name of publisher Appleton-Century-Crofts
Year of publication [1955]
300 ## - PHYSICAL DESCRIPTION
Number of Pages 247 p.
Other physical details illus.
Dimensions 22 cm.
650 #0 - SUBJECT ADDED ENTRY--TOPICAL TERM
Topical Term Seashore biology.
942 ## - ADDED ENTRY ELEMENTS (KOHA)
Koha item type សៀវភៅភាសាអង់គ្លេស
952 ## - LOCATION AND ITEM INFORMATION (KOHA)
Withdrawn status [LOCAL, KOHA] 0
952 ## - LOCATION AND ITEM INFORMATION (KOHA)
Withdrawn status [LOCAL, KOHA] 0
Holdings
Permanent Location Date acquired Koha item type Lost status Shelving location Barcode Current Location Full call number
Library Block A2018-01-29សៀវភៅភាសាអង់គ្លេស A084A26087Library Block A574 APP 1955 A084 Or.
Library Block A2018-01-29សៀវភៅភាសាអង់គ្លេស   Library Block A574 APP 1955 A084 Or.
មជ្ឈមណ្ឌលឯការនៃសាកលវិទ្យាល័យភូមិន្ទកសិកម្មចំការដូង

Powered by Koha